000 00259nam a2200097Ia 4500
001 690952
005 20250826161826.0
008 250824s9999 xx 000 0 und d
245 0 _aHİÇBİRŞEYDEN HERŞEY MÜMKÜNDÜR
_cMİNE ÖLMEZ
260 _bDESTEK YAYINLARI
999 _c690952
_d690952